Systém mikroprocesorový MS 80. MS 80-311. : Jednotka styku IMS - 2. Technická popis.
Uložené v:
| Médium: | Kniha |
|---|---|
| Jazyk: | Czech |
| Vydané: |
Uherské Hradiště :
Mesit, koncernový podnik,
1988
|
| Vydanie: | 1. vyd. |
| Témy: | |
| ISBN: |
(brož.) |
| Fyzický popis: |
27 s. |
| Tagy: |
Pridať tag
Žiadne tagy, Buďte prvý kto otaguje tento záznam!
|
Titul je dostupný aj v ... 

MARC
| LEADER | 00000nam a2200000 a 4500 | ||
|---|---|---|---|
| 001 | 000064310 | ||
| 003 | SVKK | ||
| 005 | 20000504000000.0 | ||
| 008 | 000314s1988 cs e czeo | ||
| 020 | |a (brož.) | ||
| 040 | |a SVKKK |b slo |c SVKKK |e AACR2 | ||
| 041 | 0 | |a cze | |
| 044 | |a cs |c CS | ||
| 080 | |a 681.326.3-181.48 |2 1997 | ||
| 080 | |a 681.326.3-181.48:744 |2 1997 | ||
| 080 | |a 006.72:681.326.3-181.48 |2 1997 | ||
| 245 | 0 | 0 | |a Systém mikroprocesorový MS 80. MS 80-311. : |b Jednotka styku IMS - 2. Technická popis. |
| 250 | |a 1. vyd. | ||
| 260 | |a Uherské Hradiště : |b Mesit, koncernový podnik, |c 1988 | ||
| 300 | |a 27 s. | ||
| 653 | 0 | |a MS 80 (mikroprocesor) |2 SVKKKPH | |
| 653 | 0 | |a mikroprocesory |2 SVKKKPH | |
| 653 | 0 | |a dokumentácia technická |2 SVKKKPH | |
| 655 | 7 | |a monografie |2 SVKKKPH | |
| 910 | |a svkkk | ||
| 974 | |a UH |d 20000428 | ||
| 974 | |a KL |d 20000427 | ||
| 974 | |a MI |d 20000504 | ||
| 998 | |a BK | ||
| 090 | |g SCKHL |k Sklad Pribinova 3. posch. |a V.205010 |j 931657 |i 2720786451 |s Absenčne | ||